|
|
|
|
| LEADER |
00927pam a22003138a 4500 |
| 001 |
00033396 |
| 005 |
20171026081025.0 |
| 008 |
150812s2011 ||||||viesd |
| 020 |
# |
# |
|c 180000
|
| 041 |
0 |
# |
|a vie
|
| 082 |
1 |
4 |
|a 391.009 597
|b M600TH
|
| 100 |
1 |
# |
|a Cao, Dương Hằng
|
| 245 |
1 |
0 |
|c Cao Dương Hằng
|a Mỹ thuật nữ phục truyền thống Việt Nam
|
| 260 |
# |
# |
|a Hà Nội
|b Văn hóa thông tin
|c 2011
|
| 300 |
# |
# |
|a 266 tr.
|b tranh ảnh màu
|c 24 cm.
|
| 653 |
# |
# |
|a Nữ phục
|
| 653 |
# |
# |
|a Văn hóa
|
| 653 |
# |
# |
|a Việt Nam
|
| 653 |
# |
# |
|a Truyền thống
|
| 653 |
# |
# |
|a Trang phục
|
| 852 |
# |
# |
|j KD.0016777
|j KM.0018051
|
| 852 |
# |
# |
|b Kho đọc
|j KD.0016777
|
| 852 |
# |
# |
|b Kho mượn
|j KM.0018051
|
| 910 |
0 |
# |
|a kchi
|d 12/8
|
| 980 |
# |
# |
|a Trung tâm Học liệu Lê Vũ Hùng, Trường Đại học Đồng Tháp
|